Dịch vụ truyền thông Internat băng rộng /

Guardat en:
Dades bibliogràfiques
Autor principal: Nguyễn Hữu Phát.
Format: Article
Idioma:Vietnamese
Matèries:
Etiquetes: Afegir etiqueta
Sense etiquetes, Sigues el primer a etiquetar aquest registre!
Thư viện lưu trữ: Thư viện Trường Đại học Đà Lạt
LEADER 00801nam a2200265 4500
001 DLU100111463
005 ##20100909
040 # # |a DLU  |b vie 
041 # # |a vie 
044 # # |a vn 
100 # # |a Nguyễn Hữu Phát. 
245 # # |a Dịch vụ truyền thông Internat băng rộng /  |c Nguyễn Hữu Phát. 
653 # # |a Công nghệ thông tin 
653 # # |a Dịch vụ thông tin 
653 # # |a Truyền thông 
773 # # |t Tạp chí Công nghệ thông tin và truyền thông  |g Số 6,kỳ 2, 2008, tr. 40-43 
920 # # |a Phòng Tạp chí -- Trung tâm Thông tin - Thư viện Trường Đại học Đà Lạt 
994 # # |a DLU 
900 # # |a True 
911 # # |a Nguyễn Thị Linh Chi 
925 # # |a G 
926 # # |a A 
927 # # |a BB 
980 # # |a Thư viện Trường Đại học Đà Lạt